000 00526nam a2200205Ia 4500
003 GCL
008 140319s9999 xx 000 0 eng d
040 _aGCL /
_cGCL
082 0 4 _aCC
_b932
_bM T
100 1 _aSAUNERON, SERGE
245 1 0 _aLE TEMPLE D'ESNA /
_cSAUNERON, SERGE
700 1 _aMENASSA, LAILA
260 _a[S.N] :
_bINSTITUT FRANCAIS D'ARCHEOLOGIE ORIENTAL ،
_c1975
300 _a202 P
650 0 4 _aEGYPT
650 0 4 _aTEMPLES
650 0 4 _aEGYPT - TEMPLES
650 0 4 _aESNA TEMPLE
942 _2ddc
_cBK
999 _c15314
_d15314